<?xml version="1.0" encoding="UTF-8"?><?xml-stylesheet type="text/xsl" href="static/style.xsl"?><OAI-PMH xmlns="http://www.openarchives.org/OAI/2.0/" xmlns:xsi="http://www.w3.org/2001/XMLSchema-instance" xsi:schemaLocation="http://www.openarchives.org/OAI/2.0/ http://www.openarchives.org/OAI/2.0/OAI-PMH.xsd"><responseDate>2026-06-05T21:44:17Z</responseDate><request verb="GetRecord" identifier="oai:riuma.uma.es:10630/28951" metadataPrefix="marc">https://riuma.uma.es/rest/oai/request</request><GetRecord><record><header><identifier>oai:riuma.uma.es:10630/28951</identifier><datestamp>2026-02-03T11:26:19Z</datestamp><setSpec>com_10630_2254</setSpec><setSpec>col_10630_37953</setSpec></header><metadata><record xmlns="http://www.loc.gov/MARC21/slim" xmlns:dcterms="http://purl.org/dc/terms/" xmlns:doc="http://www.lyncode.com/xoai" xmlns:xsi="http://www.w3.org/2001/XMLSchema-instance" xsi:schemaLocation="http://www.loc.gov/MARC21/slim http://www.loc.gov/standards/marcxml/schema/MARC21slim.xsd">
   <leader>00925njm 22002777a 4500</leader>
   <datafield ind2=" " ind1=" " tag="042">
      <subfield code="a">dc</subfield>
   </datafield>
   <datafield ind2=" " ind1=" " tag="720">
      <subfield code="a">Alfaro-Bech, Virginia</subfield>
      <subfield code="e">author</subfield>
   </datafield>
   <datafield ind2=" " ind1=" " tag="720">
      <subfield code="a">Rodríguez-Martín, Victoria Eugenia</subfield>
      <subfield code="e">author</subfield>
   </datafield>
   <datafield ind2=" " ind1=" " tag="260">
      <subfield code="c">2016</subfield>
   </datafield>
   <datafield ind2=" " ind1=" " tag="520">
      <subfield code="a">La eternidad, el eterno retorno, la juventud para siempre, el universo como espacio infinito y un mundo en constante renovación, son conceptos todos ellos reflejos del ansia de pervivencia del ser humano y de su deseo de una existencia sin fin. Nuestra intención es mostrar cómo Pierio Valeriano, en sus Hieroplyphica, bien le atribuye, o bien le asocia a la serpiente la mayor parte de estos símbolos. El objetivo es identificar las fuentes de las que se sirve para documentar los significados simbólicos de eternidad, inmortalidad y juventud eterna, centrándonos en el libro XIV.</subfield>
   </datafield>
   <datafield ind1="8" ind2=" " tag="024">
      <subfield code="a">Humanistica Lovaniensia Journal of Neo-Latin Studies, Volume LXV - 2016</subfield>
   </datafield>
   <datafield ind1="8" ind2=" " tag="024">
      <subfield code="a">https://hdl.handle.net/10630/28951</subfield>
   </datafield>
   <datafield tag="653" ind2=" " ind1=" ">
      <subfield code="a">Pierio Valeriano -  Crítica e interpretación</subfield>
   </datafield>
   <datafield ind2="0" ind1="0" tag="245">
      <subfield code="a">Un mundo sin fin: los símbolos de eternidad, inmortalidad y juventud eterna en los Hieroglyphica de Pierio Valeriano</subfield>
   </datafield>
</record>
</metadata></record></GetRecord></OAI-PMH>